[Event "DVM U16 2014"]
[Site "Magdeburg GER"]
[Date "2014.12.28"]
[Round "3"]
[White "Wiesner, Alexander"]
[Black "Heise, Tobias"]
[Result "0-1"]
[Termination "normal"]
[Board "9.2"]
[WhiteElo "1799"]
[BlackElo "1664"]
[WhiteTeam "Karlsruher SF 1853"]
[BlackTeam "SK Lehrte"]
[PlyCount "92"]
[WhiteFideId "12943991"]
[BlackFideId "12949280"]
[EventCountry "GER"]
[EventRounds "7"]
[EventType "team-swiss"]
[EventDate "2014.12.26"]

1. e4 d5 2. exd5 Qxd5 3. Nc3 Qd6 4. d4 Nf6 5. Nf3 Bg4 6. Be2 Bxf3 7. Bxf3 c6 8.
d5 e6 9. dxc6 Nxc6 10. O-O Rd8 11. Qxd6 Bxd6 12. Be3 a6 13. Rad1 O-O 14. Bb6
Rd7 15. Rd2 Bxh2+ 16. Kxh2 Rxd2 17. Ne4 Rxc2 18. Nxf6+ gxf6 19. Kg3 Rxb2 20.
Bc5 Rd8 21. Rh1 Rxa2 22. Be4 f5 23. Bxc6 bxc6 24. Rh5 f6 25. Be7 Rd3+ 26. f3
Kg7 27. Kf4 Ra4+ 28. Kg3 Rad4 29. Rh1 Rd1 30. Rh5 a5 31. Bc5 Rc4 32. Bb6 a4 33.
f4 Rc3+ 34. Kf2 Rb1 35. Be3 Rb2+ 36. Kf3 Rbb3 37. Kf2 Rd3 38. Rh1 Rdc3 39. Ra1
Rb2+ 40. Kg1 a3 41. Kh2 a2 42. Rxa2 Rxa2 43. Kh1 Rcc2 44. Kh2 Rxg2+ 45. Kh3 Rg1
46. Kh4 Rh2# 0-1

[Event "DVM U16 2014"]
[Site "Magdeburg GER"]
[Date "2014.12.28"]
[Round "3"]
[White "Koepp, Jan"]
[Black "Joeres, Stefan"]
[Result "1-0"]
[Termination "normal"]
[Board "9.3"]
[WhiteElo "1581"]
[BlackElo "1653"]
[WhiteTeam "SK Lehrte"]
[BlackTeam "Karlsruher SF 1853"]
[PlyCount "47"]
[WhiteFideId "12965090"]
[BlackFideId "12983160"]
[EventCountry "GER"]
[EventRounds "7"]
[EventType "team-swiss"]
[EventDate "2014.12.26"]

1. e4 c5 2. Nf3 Nc6 3. Nc3 g6 4. d4 cxd4 5. Nxd4 Bg7 6. Be3 Nf6 7. Bc4 O-O 8.
Bb3 a5 9. f3 d6 10. Qd2 Bd7 11. O-O-O Nxd4 12. Bxd4 b5 13. Nd5 Ra6 14. Nxf6+
Bxf6 15. Bxf6 exf6 16. Qf4 Be6 17. Kb1 Qe7 18. g4 b4 19. Ba4 Kg7 20. h4 Bd7 21.
Bxd7 Qxd7 22. h5 g5 23. h6+ Kg6 24. Qf5+ 1-0

[Event "DVM U16 2014"]
[Site "Magdeburg GER"]
[Date "2014.12.28"]
[Round "3"]
[White "Joeres, Roman"]
[Black "Stelmaszyk, Nico"]
[Result "0-1"]
[Termination "normal"]
[Board "9.4"]
[WhiteElo "1454"]
[BlackElo "1504"]
[WhiteTeam "Karlsruher SF 1853"]
[BlackTeam "SK Lehrte"]
[PlyCount "72"]
[WhiteFideId "12964816"]
[BlackFideId "16200462"]
[EventCountry "GER"]
[EventRounds "7"]
[EventType "team-swiss"]
[EventDate "2014.12.26"]

1. d4 d5 2. c4 e6 3. Nf3 c5 4. e3 Nf6 5. Nc3 Nc6 6. dxc5 Bxc5 7. cxd5 Nxd5 8.
Nxd5 Qxd5 9. Qxd5 exd5 10. Bd2 Bd7 11. Rc1 Bd6 12. Bb5 O-O 13. O-O Rfd8 14.
Rfd1 a6 15. Bxc6 bxc6 16. Ba5 Rdc8 17. e4 Be6 18. Nd4 Bd7 19. Ne2 Be6 20. f4
Bg4 21. e5 Bxe5 22. fxe5 Bxe2 23. Rd2 Bg4 24. Rdc2 Bd7 25. Bb4 Re8 26. Bd6 Re6
27. Rf1 f6 28. Rcf2 h6 29. Re1 Rae8 30. Rfe2 fxe5 31. Rxe5 Rxd6 32. Rxe8+ Bxe8
33. Rxe8+ Kf7 34. Ra8 c5 35. Rc8 c4 36. Kf2 Rb6 0-1

[Event "DVM U16 2014"]
[Site "Magdeburg GER"]
[Date "2014.12.28"]
[Round "3"]
[White "Grieb, Lukas"]
[Black "Müller, Tobias"]
[Result "1-0"]
[Termination "normal"]
[Board "10.2"]
[WhiteElo "1615"]
[BlackElo "1473"]
[WhiteTeam "SK Gau-Algesheim"]
[BlackTeam "SK 1980 Gernsheim"]
[PlyCount "41"]
[WhiteFideId "1271993"]
[BlackFideId "12947334"]
[EventCountry "GER"]
[EventRounds "7"]
[EventType "team-swiss"]
[EventDate "2014.12.26"]

1. e4 e5 2. Nf3 Nc6 3. Bc4 Nf6 4. Ng5 d5 5. exd5 b5 6. Bxb5 Qxd5 7. Bxc6+ Qxc6
8. Qf3 e4 9. Qb3 Bc5 10. Qxf7+ Kd8 11. O-O Ba6 12. Qe6 Qxe6 13. Nxe6+ Ke7 14.
Nxc5 Bxf1 15. Kxf1 Rhf8 16. Nc3 Ng4 17. N5xe4 Nxh2+ 18. Kg1 Ng4 19. d3 h6 20.
b3 Ne5 21. Ba3+ 1-0

[Event "DVM U16 2014"]
[Site "Magdeburg GER"]
[Date "2014.12.28"]
[Round "3"]
[White "Le, Kim Anh"]
[Black "Erlekam, Simon"]
[Result "0-1"]
[Termination "normal"]
[Board "10.3"]
[WhiteElo "1269"]
[BlackElo "1846"]
[WhiteTeam "SK 1980 Gernsheim"]
[BlackTeam "SK Gau-Algesheim"]
[PlyCount "76"]
[WhiteFideId "12947342"]
[BlackFideId "12921416"]
[EventCountry "GER"]
[EventRounds "7"]
[EventType "team-swiss"]
[EventDate "2014.12.26"]

1. e4 c5 2. Nf3 e6 3. d4 cxd4 4. Nxd4 a6 5. Nc3 Nf6 6. Bg5 Be7 7. Qf3 d6 8. Bd3
Nbd7 9. O-O Ne5 10. Qe2 O-O 11. Kh1 Nxd3 12. Qxd3 e5 13. Nf5 Bxf5 14. exf5 Rc8
15. f4 Qc7 16. Bxf6 Bxf6 17. Nd5 Qxc2 18. Nxf6+ gxf6 19. Qxd6 Rc6 20. Qa3 Qxf5
21. Rf3 Rfc8 22. Rg3+ Kh8 23. Rc3 Rxc3 24. bxc3 Rg8 25. c4 Qxf4 26. Qb2 Qxc4
27. Qxb7 Qe2 28. g3 Qc4 29. Qf3 Qe6 30. Rc1 e4 31. Qf2 e3 32. Qf3 Re8 33. Kg1
Kg7 34. Rc6 e2 35. Rxe6 Rxe6 36. Qg4+ Kh8 37. Qb4 e1=Q+ 38. Qxe1 Rxe1+ 0-1

[Event "DVM U16 2014"]
[Site "Magdeburg GER"]
[Date "2014.12.28"]
[Round "3"]
[White "Jusman, Jesse Samuel"]
[Black "Rothermel, Henrik"]
[Result "0-1"]
[Termination "normal"]
[Board "10.4"]
[WhiteElo "1253"]
[BlackElo "1447"]
[WhiteTeam "SK Gau-Algesheim"]
[BlackTeam "SK 1980 Gernsheim"]
[PlyCount "70"]
[WhiteFideId "12926043"]
[BlackFideId "12947369"]
[EventCountry "GER"]
[EventRounds "7"]
[EventType "team-swiss"]
[EventDate "2014.12.26"]

1. e4 e5 2. Nf3 Nc6 3. Bc4 Bc5 4. O-O d6 5. h3 Qf6 6. d3 Qg6 7. Ng5 Be6 8. Nxe6
fxe6 9. Kh2 O-O-O 10. Nc3 Nge7 11. Na4 d5 12. Bxd5 exd5 13. Nxc5 Qd6 14. Qg4+
Kb8 15. Ne6 h5 16. Qxg7 Qxe6 17. Qg3 dxe4 18. dxe4 Qc4 19. Bg5 Rdg8 20. f4 Qxe4
21. fxe5 Nf5 22. Qf4 Qxf4+ 23. Bxf4 Nh4 24. Bg3 Nxg2 25. Kxg2 h4 26. Rf3 hxg3
27. e6 Rh6 28. Re1 Ne7 29. Rf7 Re8 30. Kxg3 Rg8+ 31. Kf4 Rh4+ 32. Ke5 Nc6+ 33.
Kf5 Nd4+ 34. Kf6 Rh6+ 35. Ke7 Nc6+ 0-1

[Event "DVM U16 2014"]
[Site "Magdeburg GER"]
[Date "2014.12.28"]
[Round "4"]
[White "Kololli, Kevin"]
[Black "Flüchter, Gregor"]
[Result "1/2-1/2"]
[Termination "normal"]
[Board "1.1"]
[WhiteElo "2178"]
[BlackElo "2127"]
[WhiteClock "01:07:26"]
[BlackClock "00:37:25"]
[WhiteTeam "Lübecker SV"]
[BlackTeam "SF Brackel 1930"]
[PlyCount "48"]
[WhiteFideId "12936863"]
[BlackFideId "12903396"]
[EventCountry "GER"]
[EventRounds "7"]
[EventType "team-swiss"]
[EventDate "2014.12.26"]

1. e4 {[%clk 1:30:57]} c5 {[%clk 1:30:56]} 2. Nf3 {[%clk 1:31:15]} d6 {[%clk
1:31:20]} 3. d4 {[%clk 1:31:36]} cxd4 {[%clk 1:31:44]} 4. Nxd4 {[%clk 1:31:57]}
Nf6 {[%clk 1:32:07]} 5. Nc3 {[%clk 1:32:17]} a6 {[%clk 1:32:31]} 6. Bc4 {[%clk
1:32:39]} e6 {[%clk 1:32:53]} 7. Bb3 {[%clk 1:33:00]} Be7 {[%clk 1:33:14]} 8.
Be3 {[%clk 1:33:16]} O-O {[%clk 1:33:16]} 9. f4 {[%clk 1:33:35]} b5 {[%clk
1:32:28]} 10. e5 {[%clk 1:33:56]} dxe5 {[%clk 1:31:21]} 11. fxe5 {[%clk
1:34:17]} Nd5 {[%clk 1:16:41]} 12. Nxd5 {[%clk 1:34:36]} exd5 {[%clk 1:17:07]}
13. O-O {[%clk 1:33:54]} Be6 {[%clk 1:11:53]} 14. Nxe6 {[%clk 1:23:16]} fxe6
{[%clk 1:12:11]} 15. Qg4 {[%clk 1:22:31]} Qd7 {[%clk 1:11:23]} 16. c3 {[%clk
1:22:11]} Nc6 {[%clk 1:06:08]} 17. Bc2 {[%clk 1:21:22]} Rxf1+ {[%clk 1:02:09]}
18. Rxf1 {[%clk 1:21:42]} Rf8 {[%clk 1:02:13]} 19. Qh3 {[%clk 1:07:32]} Rxf1+
{[%clk 0:58:46]} 20. Kxf1 {[%clk 1:07:54]} g6 {[%clk 0:58:55]} 21. Qg3 {[%clk
1:07:59]} Bf8 {[%clk 0:56:26]} 22. h4 {[%clk 1:07:36]} Bg7 {[%clk 0:45:11]} 23.
Bf4 {[%clk 1:07:30]} Qf7 {[%clk 0:44:41]} 24. Kg1 {[%clk 1:07:26]} Ne7 {[%clk
0:37:25]} 1/2-1/2

[Event "DVM U16 2014"]
[Site "Magdeburg GER"]
[Date "2014.12.28"]
[Round "4"]
[White "Birnkraut, Tim"]
[Black "Kololli, Martin"]
[Result "0-1"]
[Termination "normal"]
[Board "1.2"]
[WhiteElo "1954"]
[BlackElo "2136"]
[WhiteClock "00:36:21"]
[BlackClock "00:53:55"]
[WhiteTeam "SF Brackel 1930"]
[BlackTeam "Lübecker SV"]
[PlyCount "86"]
[WhiteFideId "24609587"]
[BlackFideId "12936910"]
[EventCountry "GER"]
[EventRounds "7"]
[EventType "team-swiss"]
[EventDate "2014.12.26"]

1. e4 {[%clk 1:30:54]} e5 {[%clk 1:30:51]} 2. Nf3 {[%clk 1:31:15]} Nc6 {[%clk
1:31:13]} 3. Bc4 {[%clk 1:31:34]} Nf6 {[%clk 1:31:35]} 4. Ng5 {[%clk 1:31:45]}
d5 {[%clk 1:31:57]} 5. exd5 {[%clk 1:32:06]} Na5 {[%clk 1:32:21]} 6. Bb5+
{[%clk 1:32:27]} c6 {[%clk 1:32:44]} 7. dxc6 {[%clk 1:32:52]} bxc6 {[%clk
1:33:04]} 8. Bd3 {[%clk 1:33:07]} Bd6 {[%clk 1:31:36]} 9. Nc3 {[%clk 1:32:25]}
Nd5 {[%clk 1:22:48]} 10. Nge4 {[%clk 1:23:46]} Bc7 {[%clk 1:21:35]} 11. Bf1
{[%clk 1:05:21]} f5 {[%clk 1:14:00]} 12. Ng3 {[%clk 1:03:05]} O-O {[%clk
1:13:34]} 13. d3 {[%clk 1:01:55]} Qf6 {[%clk 1:10:39]} 14. Bd2 {[%clk 0:54:13]}
Rb8 {[%clk 1:08:29]} 15. Nxd5 {[%clk 0:51:38]} cxd5 {[%clk 1:08:44]} 16. b4
{[%clk 0:49:20]} Nc6 {[%clk 1:08:08]} 17. a3 {[%clk 0:49:01]} f4 {[%clk
1:05:22]} 18. Nh5 {[%clk 0:47:49]} Qg5 {[%clk 0:59:59]} 19. Ng3 {[%clk
0:41:21]} Qf6 {[%clk 0:56:54]} 20. Nh5 {[%clk 0:41:13]} Qf7 {[%clk 0:55:50]}
21. Be2 {[%clk 0:38:10]} g6 {[%clk 0:55:53]} 22. O-O {[%clk 0:37:45]} Nd4
{[%clk 0:55:02]} 23. Ng3 {[%clk 0:36:10]} fxg3 {[%clk 0:54:56]} 24. fxg3 {[%clk
0:35:23]} Qg7 {[%clk 0:54:53]} 25. Rxf8+ {[%clk 0:35:02]} Qxf8 {[%clk 0:55:12]}
26. c3 {[%clk 0:35:00]} Nxe2+ {[%clk 0:54:43]} 27. Qxe2 {[%clk 0:35:23]} Be6
{[%clk 0:54:22]} 28. Rf1 {[%clk 0:35:29]} Qg7 {[%clk 0:54:43]} 29. Be3 {[%clk
0:35:10]} Bb6 {[%clk 0:51:35]} 30. Bxb6 {[%clk 0:35:17]} axb6 {[%clk 0:50:45]}
31. Re1 {[%clk 0:35:34]} Ra8 {[%clk 0:51:09]} 32. Qxe5 {[%clk 0:35:33]} Qxe5
{[%clk 0:51:35]} 33. Rxe5 {[%clk 0:35:54]} Kf7 {[%clk 0:52:01]} 34. d4 {[%clk
0:35:23]} Rxa3 {[%clk 0:52:16]} 35. Re3 {[%clk 0:35:49]} Ra2 {[%clk 0:52:40]}
36. h3 {[%clk 0:36:02]} h5 {[%clk 0:51:51]} 37. Rf3+ {[%clk 0:36:04]} Ke7
{[%clk 0:52:09]} 38. Rf2 {[%clk 0:36:07]} Ra3 {[%clk 0:52:23]} 39. Rc2 {[%clk
0:35:40]} Bf5 {[%clk 0:52:47]} 40. Rc1 {[%clk 0:35:24]} b5 {[%clk 0:53:11]} 41.
Kf2 {[%clk 0:35:41]} Ra2+ {[%clk 0:53:32]} 42. Kf3 {[%clk 0:36:01]} Be4+ {[%clk
0:53:32]} 43. Kf4 {[%clk 0:36:21]} Rf2+ {[%clk 0:53:55]} 0-1

[Event "DVM U16 2014"]
[Site "Magdeburg GER"]
[Date "2014.12.28"]
[Round "4"]
[White "Rieß, Alexander"]
[Black "Stemmler, Fabian"]
[Result "1/2-1/2"]
[Termination "normal"]
[Board "1.3"]
[WhiteElo "1947"]
[BlackElo "1856"]
[WhiteClock "00:58:37"]
[BlackClock "00:23:42"]
[WhiteTeam "Lübecker SV"]
[BlackTeam "SF Brackel 1930"]
[PlyCount "91"]
[WhiteFideId "12953326"]
[BlackFideId "12964808"]
[EventCountry "GER"]
[EventRounds "7"]
[EventType "team-swiss"]
[EventDate "2014.12.26"]

1. d4 {[%clk 1:30:47]} Nf6 {[%clk 1:30:58]} 2. c4 {[%clk 1:31:11]} Nc6 {[%clk
1:31:26]} 3. Nf3 {[%clk 1:31:33]} e6 {[%clk 1:31:51]} 4. Nc3 {[%clk 1:31:46]}
Bb4 {[%clk 1:32:02]} 5. Qc2 {[%clk 1:30:23]} d6 {[%clk 1:32:08]} 6. a3 {[%clk
1:30:38]} Bxc3+ {[%clk 1:31:06]} 7. Qxc3 {[%clk 1:31:00]} Ne7 {[%clk 1:29:29]}
8. g3 {[%clk 1:30:27]} O-O {[%clk 1:28:27]} 9. Bg2 {[%clk 1:30:38]} Ng6 {[%clk
1:27:52]} 10. O-O {[%clk 1:30:55]} Re8 {[%clk 1:27:37]} 11. b4 {[%clk 1:25:20]}
e5 {[%clk 1:24:18]} 12. d5 {[%clk 1:21:26]} Qe7 {[%clk 1:21:40]} 13. Nd2 {[%clk
1:19:36]} Bd7 {[%clk 1:17:49]} 14. Bb2 {[%clk 1:19:13]} Qf8 {[%clk 1:15:41]}
15. e4 {[%clk 1:19:11]} Nh5 {[%clk 1:12:47]} 16. c5 {[%clk 1:13:52]} Re7 {[%clk
0:54:01]} 17. Nc4 {[%clk 1:11:02]} Bb5 {[%clk 0:52:40]} 18. a4 {[%clk 1:10:15]}
Bxc4 {[%clk 0:52:43]} 19. Qxc4 {[%clk 1:10:40]} Rc8 {[%clk 0:51:54]} 20. Rfc1
{[%clk 1:08:15]} Ree8 {[%clk 0:51:55]} 21. Ba3 {[%clk 1:06:27]} Nf6 {[%clk
0:42:58]} 22. b5 {[%clk 1:05:36]} b6 {[%clk 0:40:48]} 23. cxd6 {[%clk 1:01:19]}
cxd6 {[%clk 0:40:59]} 24. Qd3 {[%clk 1:01:44]} Red8 {[%clk 0:38:40]} 25. Rc6
{[%clk 1:01:20]} Ne8 {[%clk 0:34:43]} 26. Rac1 {[%clk 1:01:09]} Ne7 {[%clk
0:35:03]} 27. Rxc8 {[%clk 0:58:13]} Rxc8 {[%clk 0:35:26]} 28. Rxc8 {[%clk
0:58:36]} Nxc8 {[%clk 0:35:53]} 29. Bh3 {[%clk 0:58:44]} Ne7 {[%clk 0:28:39]}
30. a5 {[%clk 0:57:13]} Ng6 {[%clk 0:27:05]} 31. axb6 {[%clk 0:57:01]} axb6
{[%clk 0:27:23]} 32. Qe3 {[%clk 0:55:49]} Nf6 {[%clk 0:24:37]} 33. Qxb6 {[%clk
0:55:14]} Nxe4 {[%clk 0:20:19]} 34. Bg2 {[%clk 0:50:43]} Qa8 {[%clk 0:19:44]}
35. Bxe4 {[%clk 0:48:40]} Qxa3 {[%clk 0:20:07]} 36. Qb8+ {[%clk 0:45:12]} Nf8
{[%clk 0:20:22]} 37. b6 {[%clk 0:44:33]} Qc1+ {[%clk 0:17:47]} 38. Kg2 {[%clk
0:44:43]} Qc4 {[%clk 0:18:12]} 39. Bf3 {[%clk 0:44:20]} e4 {[%clk 0:16:44]} 40.
Bg4 {[%clk 0:42:12]} e3 {[%clk 0:16:37]} 41. b7 {[%clk 0:33:13]} Qxg4 {[%clk
0:05:33]} 42. Qc8 {[%clk 0:31:45]} Qe4+ {[%clk 0:04:55]} 43. f3 {[%clk
0:31:30]} Qe7 {[%clk 0:02:38]} 44. Kf1 {[%clk 0:28:24]} Qf6 {[%clk 0:24:02]}
45. Ke2 {[%clk 0:58:36]} Qd4 {[%clk 0:23:42]} 46. Qxf8+ {[%clk 0:58:37]}
1/2-1/2

[Event "DVM U16 2014"]
[Site "Magdeburg GER"]
[Date "2014.12.28"]
[Round "4"]
[White "Wastian, Jan"]
[Black "Tiedemann, Fin Niklas"]
[Result "1-0"]
[Termination "normal"]
[Board "1.4"]
[WhiteElo "1656"]
[BlackElo "1709"]
[WhiteClock "00:08:22"]
[BlackClock "00:01:21"]
[WhiteTeam "SF Brackel 1930"]
[BlackTeam "Lübecker SV"]
[PlyCount "89"]
[WhiteFideId "12911640"]
[BlackFideId "12936936"]
[EventCountry "GER"]
[EventRounds "7"]
[EventType "team-swiss"]
[EventDate "2014.12.26"]

1. e4 {[%clk 1:30:56]} e5 {[%clk 1:30:52]} 2. Nf3 {[%clk 1:31:23]} Nc6 {[%clk
1:31:17]} 3. Bb5 {[%clk 1:31:49]} a6 {[%clk 1:31:31]} 4. Ba4 {[%clk 1:32:12]}
Nf6 {[%clk 1:31:45]} 5. d3 {[%clk 1:32:12]} b5 {[%clk 1:31:07]} 6. Bb3 {[%clk
1:32:35]} Be7 {[%clk 1:31:30]} 7. c3 {[%clk 1:32:04]} d6 {[%clk 1:31:26]} 8.
O-O {[%clk 1:31:03]} O-O {[%clk 1:31:42]} 9. Nbd2 {[%clk 1:30:06]} Na5 {[%clk
1:31:56]} 10. Bc2 {[%clk 1:30:19]} c5 {[%clk 1:32:18]} 11. Re1 {[%clk 1:28:05]}
Qc7 {[%clk 1:31:33]} 12. Nf1 {[%clk 1:25:01]} Re8 {[%clk 1:28:35]} 13. Ne3
{[%clk 1:16:10]} Bf8 {[%clk 1:23:53]} 14. Qe2 {[%clk 1:09:11]} g6 {[%clk
1:16:25]} 15. Nf1 {[%clk 1:04:54]} Bg7 {[%clk 1:14:48]} 16. Bg5 {[%clk
0:59:39]} Bb7 {[%clk 1:13:25]} 17. Ne3 {[%clk 0:57:53]} h6 {[%clk 1:10:41]} 18.
Bxf6 {[%clk 0:56:19]} Bxf6 {[%clk 1:09:15]} 19. Nd2 {[%clk 0:51:49]} Bg7 {[%clk
1:07:20]} 20. Qd1 {[%clk 0:50:10]} Bc6 {[%clk 1:02:03]} 21. Rf1 {[%clk
0:45:33]} Nb7 {[%clk 0:58:14]} 22. Bb3 {[%clk 0:44:12]} Qb6 {[%clk 0:45:57]}
23. Qg4 {[%clk 0:40:42]} Kf8 {[%clk 0:42:32]} 24. Rae1 {[%clk 0:39:06]} Na5
{[%clk 0:40:22]} 25. Bd5 {[%clk 0:35:09]} Bxd5 {[%clk 0:39:37]} 26. Nxd5 {[%clk
0:35:20]} Qa7 {[%clk 0:39:25]} 27. Kh1 {[%clk 0:34:33]} Kg8 {[%clk 0:38:14]}
28. f4 {[%clk 0:32:34]} exf4 {[%clk 0:35:56]} 29. Rxf4 {[%clk 0:31:37]} Re6
{[%clk 0:31:40]} 30. Ref1 {[%clk 0:29:27]} Rf8 {[%clk 0:11:21]} 31. Rxf7 {[%clk
0:20:01]} Qxf7 {[%clk 0:11:01]} 32. Rxf7 {[%clk 0:20:27]} Kxf7 {[%clk 0:11:25]}
33. Nf3 {[%clk 0:19:06]} Nc6 {[%clk 0:07:12]} 34. Nf4 {[%clk 0:16:53]} Rf6
{[%clk 0:07:03]} 35. Qd7+ {[%clk 0:16:02]} Ne7 {[%clk 0:07:28]} 36. Nd5 {[%clk
0:14:19]} Re6 {[%clk 0:07:43]} 37. h3 {[%clk 0:11:51]} Rg8 {[%clk 0:03:30]} 38.
Nc7 {[%clk 0:11:04]} Rf6 {[%clk 0:03:30]} 39. e5 {[%clk 0:10:50]} Rxf3 {[%clk
0:02:00]} 40. gxf3 {[%clk 0:10:06]} Bxe5 {[%clk 0:01:51]} 41. Qe6+ {[%clk
0:08:31]} Kf8 {[%clk 0:02:06]} 42. f4 {[%clk 0:08:27]} Bh8 {[%clk 0:01:47]} 43.
Qxd6 {[%clk 0:08:28]} b4 {[%clk 0:01:26]} 44. Nd5 {[%clk 0:08:17]} Rg7 {[%clk
0:01:21]} 45. Qd8+ {[%clk 0:08:22]} 1-0

[Event "DVM U16 2014"]
[Site "Magdeburg GER"]
[Date "2014.12.28"]
[Round "4"]
[White "Ehmann, Thilo"]
[Black "Herzum, Peter"]
[Result "1-0"]
[Termination "normal"]
[Board "2.1"]
[WhiteElo "2072"]
[BlackElo "2024"]
[WhiteClock "01:38:28"]
[BlackClock "00:10:22"]
[WhiteTeam "SF Sasbach"]
[BlackTeam "Düsseldorfer SK"]
[PlyCount "161"]
[WhiteFideId "12940968"]
[BlackFideId "12919217"]
[EventCountry "GER"]
[EventRounds "7"]
[EventType "team-swiss"]
[EventDate "2014.12.26"]

1. e4 {[%clk 1:30:59]} c5 {[%clk 1:30:43]} 2. Nf3 {[%clk 1:31:28]} e6 {[%clk
1:29:28]} 3. c4 {[%clk 1:31:55]} d6 {[%clk 1:29:34]} 4. d4 {[%clk 1:32:22]}
cxd4 {[%clk 1:29:52]} 5. Nxd4 {[%clk 1:32:49]} a6 {[%clk 1:29:49]} 6. Nc3
{[%clk 1:33:13]} Nf6 {[%clk 1:30:09]} 7. Be2 {[%clk 1:33:25]} Be7 {[%clk
1:30:19]} 8. Be3 {[%clk 1:33:46]} O-O {[%clk 1:30:37]} 9. O-O {[%clk 1:34:05]}
b6 {[%clk 1:30:35]} 10. f3 {[%clk 1:34:24]} Bb7 {[%clk 1:30:34]} 11. Qd2 {[%clk
1:34:45]} Nbd7 {[%clk 1:29:48]} 12. Rfd1 {[%clk 1:35:08]} Qc7 {[%clk 1:29:48]}
13. Rac1 {[%clk 1:35:27]} Rac8 {[%clk 1:29:27]} 14. Bf1 {[%clk 1:35:52]} Qb8
{[%clk 1:28:21]} 15. Qf2 {[%clk 1:36:18]} Bd8 {[%clk 1:27:35]} 16. Kh1 {[%clk
1:36:44]} Bc7 {[%clk 1:27:36]} 17. Qg1 {[%clk 1:37:11]} Kh8 {[%clk 1:27:31]}
18. b3 {[%clk 1:32:49]} Rg8 {[%clk 1:27:16]} 19. Nde2 {[%clk 1:26:58]} g5
{[%clk 1:18:42]} 20. Ng3 {[%clk 1:24:50]} Rg6 {[%clk 1:01:03]} 21. Qf2 {[%clk
1:21:29]} Rcg8 {[%clk 0:51:09]} 22. Bd4 {[%clk 1:19:43]} Rh6 {[%clk 0:49:24]}
23. Kg1 {[%clk 1:19:44]} Kg7 {[%clk 0:37:30]} 24. Nd5 {[%clk 1:16:36]} Kf8
{[%clk 0:34:15]} 25. Nxf6 {[%clk 1:16:50]} Nxf6 {[%clk 0:34:29]} 26. Bxb6
{[%clk 1:17:16]} g4 {[%clk 0:32:27]} 27. Bxc7 {[%clk 1:17:33]} Qxc7 {[%clk
0:32:48]} 28. Qe3 {[%clk 1:17:55]} Qc5 {[%clk 0:26:44]} 29. Qxc5 {[%clk
1:18:13]} dxc5 {[%clk 0:27:04]} 30. e5 {[%clk 1:15:51]} Ne8 {[%clk 0:22:48]}
31. f4 {[%clk 1:16:01]} Ke7 {[%clk 0:20:12]} 32. a3 {[%clk 1:16:06]} f6 {[%clk
0:20:24]} 33. Re1 {[%clk 1:15:23]} Rf8 {[%clk 0:18:52]} 34. f5 {[%clk 1:15:18]}
Bc8 {[%clk 0:16:29]} 35. Bd3 {[%clk 1:15:16]} Ng7 {[%clk 0:14:38]} 36. exf6+
{[%clk 1:15:10]} Rhxf6 {[%clk 0:14:08]} 37. fxe6 {[%clk 1:15:27]} Nxe6 {[%clk
0:14:16]} 38. Ne4 {[%clk 1:15:50]} Rf5 {[%clk 0:13:01]} 39. b4 {[%clk 1:16:13]}
cxb4 {[%clk 0:11:57]} 40. axb4 {[%clk 1:16:27]} Rf4 {[%clk 0:07:46]} 41. g3
{[%clk 1:16:14]} Rf3 {[%clk 0:07:17]} 42. Be2 {[%clk 1:16:13]} Rb3 {[%clk
0:06:19]} 43. Bxg4 {[%clk 1:15:50]} Rxb4 {[%clk 0:04:47]} 44. Ng5 {[%clk
1:14:26]} Rf6 {[%clk 0:02:24]} 45. Nxh7 {[%clk 1:14:28]} Rg6 {[%clk 0:30:29]}
46. Bf5 {[%clk 1:45:34]} Rg8 {[%clk 0:30:46]} 47. Re2 {[%clk 1:45:16]} Rb6
{[%clk 0:30:52]} 48. Rce1 {[%clk 1:45:17]} a5 {[%clk 0:30:21]} 49. g4 {[%clk
1:44:28]} a4 {[%clk 0:29:02]} 50. h4 {[%clk 1:44:54]} Kf7 {[%clk 0:28:33]} 51.
g5 {[%clk 1:44:10]} a3 {[%clk 0:27:22]} 52. h5 {[%clk 1:43:52]} Rxg5+ {[%clk
0:25:07]} 53. Nxg5+ {[%clk 1:43:59]} Nxg5 {[%clk 0:25:26]} 54. Rf1 {[%clk
1:43:46]} Bb7 {[%clk 0:23:35]} 55. Be4+ {[%clk 1:40:41]} Kg7 {[%clk 0:23:39]}
56. Bxb7 {[%clk 1:41:06]} Rxb7 {[%clk 0:24:03]} 57. Re5 {[%clk 1:38:53]} Nf7
{[%clk 0:17:59]} 58. Ra5 {[%clk 1:39:04]} Nd6 {[%clk 0:15:17]} 59. Rxa3 {[%clk
1:36:54]} Nxc4 {[%clk 0:15:30]} 60. Rg3+ {[%clk 1:35:34]} Kh7 {[%clk 0:15:45]}
61. Rf4 {[%clk 1:35:46]} Ne5 {[%clk 0:14:59]} 62. Rf5 {[%clk 1:36:07]} Nf7
{[%clk 0:14:02]} 63. Kh2 {[%clk 1:35:59]} Nh6 {[%clk 0:13:41]} 64. Rd5 {[%clk
1:36:23]} Rf7 {[%clk 0:13:17]} 65. Kh3 {[%clk 1:36:43]} Ng8 {[%clk 0:13:26]}
66. Rdg5 {[%clk 1:36:36]} Nh6 {[%clk 0:13:29]} 67. Rd3 {[%clk 1:36:49]} Ng8
{[%clk 0:13:32]} 68. Rd6 {[%clk 1:35:34]} Nh6 {[%clk 0:13:51]} 69. Rgd5 {[%clk
1:35:21]} Rg7 {[%clk 0:13:12]} 70. Rd7 {[%clk 1:35:34]} Nf7 {[%clk 0:13:34]}
71. Kh4 {[%clk 1:35:48]} Nh6 {[%clk 0:11:47]} 72. Rxg7+ {[%clk 1:35:38]} Kxg7
{[%clk 0:12:11]} 73. Rg5+ {[%clk 1:35:59]} Kh7 {[%clk 0:11:57]} 74. Rg6 {[%clk
1:36:18]} Nf7 {[%clk 0:12:18]} 75. Kg3 {[%clk 1:36:36]} Nh8 {[%clk 0:11:36]}
76. Ra6 {[%clk 1:36:46]} Nf7 {[%clk 0:09:15]} 77. Ra7 {[%clk 1:37:08]} Kg7
{[%clk 0:09:40]} 78. h6+ {[%clk 1:37:28]} Kg8 {[%clk 0:10:06]} 79. h7+ {[%clk
1:37:55]} Kh8 {[%clk 0:10:32]} 80. Kf4 {[%clk 1:38:09]} Ng5 {[%clk 0:10:22]}
81. Ra8+ {[%clk 1:38:28]} 1-0